000 nam a22 a 4500
999 _c1877
_d1877
003 AKMAL
005 20170512113125.0
008 170512s1993 my 00 may d
020 _a9678905272 (kkt.):
_cRgt. 29.90
040 _aAKMAL
082 0 4 _a349.41 RED
090 _a349.41
_bRED
100 1 _aRedmond, P. W. D.
_q(Peter William Dawson)
_93886
245 _aPrinsip-prinsip am undang-undang Inggeris /
_cP.W.D. Redmond, Stevens
250 _aEdisi Malaysia
260 _aKuala Lumpur :
_bInternational Law Book Services,
_c1993
300 _aix, 443ms. :
_b;
_c21cm
500 _aTerjemahan dari : General principles of English law. - London : Pitman Pub., [199-]
650 _aLaw
_zGreat Britain
_93887
700 1 _aStevens
_93888
942 _2ddc
_cBOOK